Southville International School and Colleges
Your cart is empty.
  • Cart
  • Lists
    Public lists Eva Luna New books Lux_list list_1
    Your lists Log in to create your own lists
  • Log in to your account
  • Your cookies
  • Search history
Southville International School and Colleges
  • Advanced search
  • Recent comments
  • Most popular
  • Libraries

Log in to your account

Log in with GOOGLE


If you do not have an external account, but do have a local account, you can still log in:

  1. Home
  2. MARC view: Chicken soup for the teenage soul's the real deal :
Normal view MARC view ISBD view

Chicken soup for the teenage soul's the real deal : (Record no. 305423)

[ view plain ]
MARC details
000 -LEADER
fixed length control field 00594nam a2200229Ia 4500
008 - FIXED-LENGTH DATA ELEMENTS--GENERAL INFORMATION
fixed length control field 170203s9999 xx 000 0 und d
020 ## - INTERNATIONAL STANDARD BOOK NUMBER
International Standard Book Number 9780439675000
050 ## - LIBRARY OF CONGRESS CALL NUMBER
Classification number 371.8
050 ## - LIBRARY OF CONGRESS CALL NUMBER
Item number .C22c 2005
100 ## - MAIN ENTRY--PERSONAL NAME
Personal name Canfield, Jack.
245 ## - TITLE STATEMENT
Title Chicken soup for the teenage soul's the real deal :
245 ## - TITLE STATEMENT
Remainder of title School cliques, classes, clubs and more /
245 ## - TITLE STATEMENT
Statement of responsibility, etc Jack Canfield
260 ## - PUBLICATION, DISTRIBUTION, ETC. (IMPRINT)
Place of publication, distribution, etc New York :
260 ## - PUBLICATION, DISTRIBUTION, ETC. (IMPRINT)
Name of publisher, distributor, etc Scholastic Inc,
260 ## - PUBLICATION, DISTRIBUTION, ETC. (IMPRINT)
Date of publication, distribution, etc 2005
300 ## - PHYSICAL DESCRIPTION
Extent 292 pages :
300 ## - PHYSICAL DESCRIPTION
Dimensions 21 cm.
650 ## - SUBJECT ADDED ENTRY--TOPICAL TERM
Topical term or geographic name as entry element Conduct of life
650 ## - SUBJECT ADDED ENTRY--TOPICAL TERM
Topical term or geographic name as entry element Teenagers
650 ## - SUBJECT ADDED ENTRY--TOPICAL TERM
General subdivision Anecdotes.
Holdings
Withdrawn status Lost status Damaged status Home library Current library Shelving location Date acquired Total Checkouts Full call number Barcode Date last seen Price effective from Koha item type
      Stonyhurst Southville International School (Batangas) Stonyhurst Southville International School (Batangas)   02/03/2017   371.8 .C22c 2005 US-1073 02/03/2017 02/03/2017 Books

Chicken soup for the teenage soul's the real deal :

APA

Canfield J., .Chicken soup for the teenage soul's the real deal. New York: .

Chicago

Canfield Jack, .Chicken soup for the teenage soul's the real deal. New York: .

Harvard

Canfield J., .Chicken soup for the teenage soul's the real deal. New York: .

MLA

Canfield Jack, .New York: . .

  • Place hold
  • Print
  • Cite
  • Add to your cart (remove)
  • Save record
    BIBTEX Dublin Core MARCXML MARC (non-Unicode/MARC-8) MARC (Unicode/UTF-8) MARC (Unicode/UTF-8, Standard) MODS (XML) RIS
  • More searches
    Search for this title in:
    Other Libraries (WorldCat) Other Databases (Google Scholar) Online Stores (Bookfinder.com) Open Library (openlibrary.org)

Exporting to Dublin Core...

SOUTHVILLE LIBRARY

Southville International School and Colleges Library

1281 Tropical Ave. Cor. Luxembourg St., BF Homes International, Las Pinas City

Tel. No. 8256374 / 252358 Loc. 117/146

Powered by Koha